Open Data Biblioteca Nacional de Portugal


República Portuguesa: Ministério da Cultura
Biblioteca Nacional de Portugal

Catálogo da BNP: acesso por Identificadores Unívocos
Registos Bibliográficos associados ao registo de autoridade

Etiqueta de registo: 00000nam 2200025 450
001 2281115
003 http://id.bnportugal.gov.pt/bib/catbnp/2281115
100 ## $a20260317d2023 k y0pory01030103ba
101 0# $aeng$dpor
102 ## $aPT
105 ## $aa m 000yy
106 ## $ar
200 1# $a An automated and efficient machine learning framework for one-class classification tasks$fLuís Fernando de Faria Ferreira$gsupervision of Paulo Alexandre Ribeiro Cortez
210 #9 $a[S.l.$cs.n.],$d2023
215 ## $aXVI, 145 p.$cil.$d30 cm
328 #1 $aTese dout. Information Systems and Technology, Escola de Engenharia, Universidade do Minho, 2023
675 ## $a004.42(043)$vBN$zpor$3793077
675 ## $a004.85(043)$vBN$zpor$31239009
700 #1 $aFerreira,$bLuís Fernando de Faria$31991956
702 #1 $92$aCortez,$bPaulo$4727$31192738
801 #0 $aPT$bBN$gRPC
966 ## $lBN$mFGMON$sP. 72472 V.$x1
971 ## $corlando$d20260317
972 ## $e0$z0$d20260408$vlrevez
973 ## $cigoulao$d20260401

OpendataBNP@bnportugal.pt | Mais informação sobre acesso aos dados BNP